00307pab a2200121 454500008004000000100001600040245003000056260000900086300001100095362001400106650001800120773004700138180718b1985 xxu||||| |||| 00| 0 eng d aJoshi, P.N. aBanking scene during 1985 c1985 a204-20 aOct.-Dec. aBanks - India aJournal of the Indian Institure of bankers